000 00924nam a2200289 i 4500
001 000024225
003 DO-SdBNP
005 20251212114606.0
007 ta
008 110125s2012 dr a r 000 p spa d
020 _a9789945164862
040 _aDO-SdBNP
_bspa
_cBNPHU
_erda
041 _aspa
082 4 _aRD861.5
_bB333i
_222
100 1 _aBatista, Lourdes
_eautor
_4aut.
_949749
245 1 0 _aIn the solitude of my /
_cLourdes Batista.
250 _aPrimera edición
264 4 _aSanto Domingo, República Dominicana :
_bEditora Búho,
_c©2012.
300 _a45 páginas :
_bilustraciones ;
_c22 cm.
336 _atexto
_btxt
_2rdacontent
337 _asin mediación
_bn
_2rdamedia
338 _avolumen
_bnc
_2rdacarrier
500 _aIncluye datos biográficos de la autora en la contracubierta
590 _aInventariado, 2019 / DG
910 _aValidado. Control de calidad. MFF
942 _2ddc
_cLBS1
999 _c23719
_d23719